| 000 -LEADER |
| fixed length control field |
00494cam a2200193Ii 4500 |
| 020 ## - INTERNATIONAL STANDARD BOOK NUMBER |
| ISBN |
9788792786982 |
| 020 ## - INTERNATIONAL STANDARD BOOK NUMBER |
| ISBN |
8791563232 |
| 040 ## - CATALOGING SOURCE |
| Transcribing agency |
BTCTA |
| 041 1# - LANGUAGE CODE |
| Language code of original and/or intermediate translations of text |
und |
| 082 04 - DEWEY DECIMAL CLASSIFICATION NUMBER |
| Classification number |
305 THE 2020 C295 Or. |
| 245 04 - TITLE STATEMENT |
| Title |
The Indigenous World 2020 / |
| 300 ## - PHYSICAL DESCRIPTION |
| Number of Pages |
594 pages : |
| Other physical details |
maps ; |
| Dimensions |
21 cm |
| 650 #0 - SUBJECT ADDED ENTRY--TOPICAL TERM |
| Topical Term |
Indigenous peoples. |
| 650 #0 - SUBJECT ADDED ENTRY--TOPICAL TERM |
| Topical Term |
Human rights. |
| 650 #0 - SUBJECT ADDED ENTRY--TOPICAL TERM |
| Topical Term |
Civil rights. |
| 700 1# - ADDED ENTRY--PERSONAL NAME |
| Personal name |
Stidsen, Sille. |
| 710 2# - ADDED ENTRY--CORPORATE NAME |
| Corporate name or jurisdiction name as entry element |
International Work Group for Indigenous Affairs. |
| 942 ## - ADDED ENTRY ELEMENTS (KOHA) |
| Koha item type |
ADB |
| 952 ## - LOCATION AND ITEM INFORMATION (KOHA) |
| Withdrawn status [LOCAL, KOHA] |
0 |